| 000 | 00789nam a22002411c 4500 | ||
|---|---|---|---|
| 001 | a987692184 | ||
| 008 | 190610s2019 gw |||| 000u eng d | ||
| 020 |
_a9780192548122 _9978-0-19-254812-2 |
||
| 041 | _aeng | ||
| 100 | 1 | _aStraumann, Tobias | |
| 245 | 0 | 0 |
_a1931 : _bDebt, Crisis, and the Rise of Hitler |
| 264 |
_aOxford : _bOxford University Press, _c2019 |
||
| 300 | _a267 Seiten | ||
| 336 |
_aText _btxt _2rdacontent |
||
| 337 |
_aComputermedien _bc _2rdamedia |
||
| 338 |
_aOnline-Ressource _bcr _2rdacarrier |
||
| 500 | _aE-Book-ProQuest / Fernzugriff nach Registrierung möglich | ||
| 655 | 0 | _aFernzugriff | |
| 856 | 4 | _uhttps://ebookcentral.proquest.com/lib/maxweberstiftung-ebooks/detail.action?docID=5717512 | |
| 942 | _cEB | ||
| 040 | _cRU-10907106 | ||
| 003 | RU-10907106 | ||
| 999 |
_c28334 _d28334 |
||